000 00424nam a2200133 a 4500
001 000033545
005 20200930070333.0
008 110831s1938 dr 000 0 spa d
040 _aDO-SdBNP
_bspa
_cBNPHU
082 _axxx
_bB744g
245 0 0 _aBosquejo geográfico-estadístico sobre la República Dominicana.
260 _aCiudad Trujillo :
_bDirección General de Estadística Nacional,
_c1938.
300 _a40 p. ;
_c23 cm.
999 _c33036
_d33036